| 000 | 00768 a2200181 4500 | ||
|---|---|---|---|
| 003 | Nust | ||
| 005 | 20170207153210.0 | ||
| 040 | _cNust | ||
| 082 | _a621.382 | ||
| 100 | _aKhan, Muhammad Nasrullah (MSEE-12) | ||
| 245 |
_aImage processing technique for diagnostics (qualitative /quantitative analysis) in DNA gel electrophoresis. _cMuhammad Nasruallah Khan |
||
| 260 |
_aRawalpindi _bMCS, NUST _c2009 |
||
| 300 | _aix, 78 ,p. | ||
| 505 | _aIntroduction (page-1), Literature review (page-6), Methodology (page-20) Preprocessing (page-23) Background removal (page-36), Qualitative / quantitative analysis and determination of unknown base pairs (page-47) Results and analysis (page-64). | ||
| 538 | _aAlmirah No 69 Shelf No 2 | ||
| 650 | _aMS Thesis | ||
| 651 | _aMSEE-12 | ||
| 942 | _cTHS | ||
| 999 |
_c181329 _d181329 |
||